000 01000nam a2200301 4500
001 177864
003 ES-MaACL
005 20250813063338.0
008 110503s2009 sp |||| | spa d
017 _aM-21.357-2009
020 _a9788497429177
080 _a008(460)"1939/75"
080 _a929-054.7(=1.460:100)"1939/75"
100 1 _aLarraz Elorriaga, Fernando
_9146349
245 1 3 _aEl monopolio de la palabra
_b: el exilio intelectual en la España franquista /
_cFernando Larraz.
260 _aMadrid :
_bBiblioteca Nueva,
_c[2009]
300 _a335 p. ;
_c23 cm.
490 1 _aEnsayo ;
_v36
504 _aReferencias bibliográficas.
650 0 7 _aExiliados españoles-
_y1939-1975.
_912658
651 7 _aEspaña-
_xVida intelectual-
_y1939-1975.
_98528
830 0 _aEnsayo ;
_v36
_9177699
852 _aES-MaACL
_9R.145531
_jA-11126
_dOlim:N-4131
_cDEPO1
903 _ednr
942 _2udc
_cMONOGRAFIA
999 _c177864
_d177864